Le curé de Wakefield. Traduit de l'Anglais, par M. J. B. Biset.

Bibliographic Details
Main Author: Goldsmith, Oliver, 1730?-1774
Format: eBook
Language:French
Published: Londres : chez l'auteur; T. Cadell le jeune, & G. Davies, successeurs de M. Cadell; Deboffe; & Tindal, 1796.
Series:Eighteenth century collections online.
Online Access:Full text online

MARC

Tag First Indicator Second Indicator Subfields
LEADER 00000cam a2200000 4500
001 in00001908540
006 m | d |
007 cr |n||||||||n
008 831012s1796 enk|||| s 00||||fre d
005 20260403172828.4
035 |a (CStRLIN)ESTCT146210 
040 |a Uk-ES  |c Uk-ES  |d CStRLIN  |d Thomson Gale  |d UtOrBLW 
100 1 |a Goldsmith, Oliver,  |d 1730?-1774. 
240 1 0 |a Vicar of Wakefield.  |l French 
245 1 3 |a Le curé de Wakefield. Traduit de l'Anglais, par M. J. B. Biset. 
264 1 |a Londres :  |b chez l'auteur; T. Cadell le jeune, & G. Davies, successeurs de M. Cadell; Deboffe; & Tindal,  |c 1796. 
300 |a xi, 1 unnumbered page, 348p. ;  |c 12⁰. 
336 |a text  |b txt  |2 rdacontent 
337 |a computer  |b c  |2 rdamedia 
338 |a online resource  |b cr  |2 rdacarrier 
500 |a Anonymous. By Oliver Goldsmith. 
500 |a With a half-title. 
500 |a Reproduction of original from the British Library. 
510 4 |a English Short Title Catalog,  |c ESTCT146210. 
533 |a Electronic reproduction.  |b Farmington Hills, Mich. :  |c Thomson Gale,  |d 2003.  |n Available via the World Wide Web.  |n Access limited by licensing agreements  |7 s2003 miunns 
500 |a Electronic resource. 
830 0 |a Eighteenth century collections online. 
856 4 0 |u http://proxy.library.tamu.edu/login?url=https://galenet.galegroup.com/servlet/ECCO?c=1&stp=Author&ste=11&af=BN&ae=T146210&tiPG=1&dd=0&dc=flc&docNum=CW116744301&vrsn=1.0&srchtp=a&d4=0.33&n=10&SU=0LRK&locID=txshracd2898  |z Full text online  |t 0 
999 |a MARS 
999 f f |s d44e139b-1233-31b0-a5e7-d24a6f65d640  |i d13dbb70-f5d9-334d-a1ac-b0c7f411e7ab  |t 0 
952 f f |a Texas A&M University  |b College Station  |c Electronic Resources  |s www_evans  |d Available Online  |t 0  |h No information provided 
998 f f |t 0  |l Available Online